Statistics for Best Office Space Quotes Quiz

Click here to take the quiz!

General Stats

  • This quiz has been taken 532 times
    (530 since last reset)
  • The average score is 9 of 14

Answer Stats

CharacterQuoteAnswer% Correct
Office WomanUh-oh. Sounds like somebody's got a case of the _______Mondays
98%
Milton(mumbling) Excuse me, I believe you have my _______stapler
93%
LumberghHello Peter, what's happening? Ummm, I'm gonna need you to go ahead come in ________tomorrow
91%
JoannaWe're, uh, we're actually required to wear fifteen pieces of _____flair
90%
LumberghOh, and remember: next Friday... is ________ shirt dayHawaiian
81%
PeterI can't believe what a bunch of nerds we are. We're looking up "money__________" in a dictionary.laundering
81%
LumberghHi, Peter. What's happening? We need to talk about your ___ reportsTPS
80%
Lawrence(What he would do with $1,000,000)
___ ______ at the same time, man
two chicks
67%
Tom SmykowskiIt was a "Jump to Conclusions" ___mat
65%
Michael BoltonI'm a free man and I haven't had a ________ visit in six monthsconjugal
64%
Bob SlydellWhat... would ya say... ya __ ____?do here
39%
Bob Slydell(about Michael Bolton) I celebrate the guy's entire _______catalog
36%
DrewShe gets around, like a ______record
24%
PeterWhat am I gonna do with 40 subscriptions to ____?Vibe
23%

Score Distribution

Percentile by Number Answered

Percent of People with Each Score

Your Score History

You have not taken this quiz since the last reset